Principles of Mohamedan Law (Record no. 29025)
[ view plain ]
| 000 -LEADER | |
|---|---|
| fixed length control field | 00194nam a2200085Ia 4500 |
| 008 - FIXED-LENGTH DATA ELEMENTS--GENERAL INFORMATION | |
| fixed length control field | 170620s9999 xx 000 0 und d |
| 100 ## - MAIN ENTRY--PERSONAL NAME | |
| Personal name | Mulla |
| 245 #0 - TITLE STATEMENT | |
| Title | Principles of Mohamedan Law |
| 260 ## - PUBLICATION, DISTRIBUTION, ETC. | |
| Name of publisher, distributor, etc. | Lexis Nexis |
| 260 ## - PUBLICATION, DISTRIBUTION, ETC. | |
| Date of publication, distribution, etc. | 2006 |
| Withdrawn status | Lost status | Source of classification or shelving scheme | Damaged status | Not for loan | Home library | Current library | Date acquired | Source of acquisition | Total Checkouts | Barcode | Date last seen | Price effective from | Koha item type |
|---|---|---|---|---|---|---|---|---|---|---|---|---|---|
| IIMT University College of Law | IIMT University College of Law | 06/29/2017 | 04-B-1920 | 06/29/2017 | 06/29/2017 | Text-Book- for 7 days | |||||||
| IIMT University College of Law | IIMT University College of Law | 06/29/2017 | 04-B-1921 | 06/29/2017 | 06/29/2017 | Book Bank | |||||||
| NOIDA College IIMT College of Law | NOIDA College IIMT College of Law | 06/26/2017 | 73 | 11-B-1194 | 06/26/2017 | 06/26/2017 | Text-Book- for 7 days | ||||||
| NOIDA College IIMT College of Law | NOIDA College IIMT College of Law | 06/26/2017 | 73 | 11-B-1195 | 06/26/2017 | 06/26/2017 | Text-Book- for 7 days |

